<?xml version="1.0" encoding="UTF-8"?>
<record
    xmlns:xsi="http://www.w3.org/2001/XMLSchema-instance"
    xsi:schemaLocation="http://www.loc.gov/MARC21/slim http://www.loc.gov/standards/marcxml/schema/MARC21slim.xsd"
    xmlns="http://www.loc.gov/MARC21/slim">

  <leader>01348nab a2200277   4500</leader>
  <controlfield tag="003">AR-RoBPED</controlfield>
  <controlfield tag="005">20260422103914.0</controlfield>
  <controlfield tag="008">260422b        |||||||| |||| 00| 0 spa d</controlfield>
  <datafield tag="040" ind1=" " ind2=" ">
    <subfield code="a">AR-RoBPED</subfield>
  </datafield>
  <datafield tag="041" ind1=" " ind2=" ">
    <subfield code="a">spa</subfield>
  </datafield>
  <datafield tag="100" ind1="1" ind2=" ">
    <subfield code="a">Banchero, Mar&#xED;a Isabel</subfield>
    <subfield code="9">27464</subfield>
    <subfield code="e">Licenciada en Ense&#xF1;anza de la Lengua y la Comunicaci&#xF3;n</subfield>
  </datafield>
  <datafield tag="245" ind1="1" ind2=" ">
    <subfield code="a">Palabras t&#xE9;cnicas: </subfield>
    <subfield code="b">la lengua como contenido transversal /</subfield>
  </datafield>
  <datafield tag="260" ind1=" " ind2=" ">
    <subfield code="a">Buenos Aires :</subfield>
    <subfield code="b">Noveduc,</subfield>
    <subfield code="c">2024</subfield>
  </datafield>
  <datafield tag="300" ind1=" " ind2=" ">
    <subfield code="a">56-57 p.</subfield>
  </datafield>
  <datafield tag="500" ind1=" " ind2=" ">
    <subfield code="a">Se presenta una propuesta para abordar contenidos del dise&#xF1;o curricular correspondiente al Nivel Secundario de la Educaci&#xF3;n T&#xE9;cnica (Resoluci&#xF3;n 2757/11), teniendo en cuenta los saberes previos de los estudiantes con los que se ejecutar&#xE1; lo proyectado. Se trata de una serie de trayectos/clases que hacen foco en el trabajo con el l&#xE9;xico, con la composici&#xF3;n y la etimolog&#xED;a de las palabras. </subfield>
  </datafield>
  <datafield tag="650" ind1=" " ind2="7">
    <subfield code="a">NIVEL MEDIO</subfield>
    <subfield code="9">3552</subfield>
  </datafield>
  <datafield tag="650" ind1=" " ind2="7">
    <subfield code="a">HISTORIA</subfield>
    <subfield code="9">125</subfield>
  </datafield>
  <datafield tag="650" ind1=" " ind2="7">
    <subfield code="a">LENGUA ESPA&#xD1;OLA</subfield>
    <subfield code="9">575</subfield>
  </datafield>
  <datafield tag="650" ind1=" " ind2="7">
    <subfield code="a">ACTIVIDADES DE APRENDIZAJE</subfield>
    <subfield code="9">783</subfield>
  </datafield>
  <datafield tag="650" ind1=" " ind2="7">
    <subfield code="a">ETIMOLOGIA</subfield>
    <subfield code="9">835</subfield>
  </datafield>
  <datafield tag="650" ind1=" " ind2="0">
    <subfield code="a">PROPUESTA DID&#xC1;CTICA</subfield>
    <subfield code="9">22005</subfield>
  </datafield>
  <datafield tag="650" ind1=" " ind2="7">
    <subfield code="a">APRENDIZAJE</subfield>
    <subfield code="9">560</subfield>
  </datafield>
  <datafield tag="773" ind1="0" ind2=" ">
    <subfield code="0">20414</subfield>
    <subfield code="9">41862</subfield>
    <subfield code="d">Buenos Aires :  Noveduc,  1993-</subfield>
    <subfield code="t">Novedades Educativas</subfield>
    <subfield code="w">(AR-RoBPED)20414</subfield>
    <subfield code="x">03283534</subfield>
  </datafield>
  <datafield tag="942" ind1=" " ind2=" ">
    <subfield code="2">udc</subfield>
    <subfield code="c">REV</subfield>
    <subfield code="h">37(05)</subfield>
    <subfield code="m">Nov 86 N&#xB0; 399 (Nov.2024)</subfield>
    <subfield code="a">k.32596</subfield>
  </datafield>
  <datafield tag="945" ind1=" " ind2=" ">
    <subfield code="a">mar 04/2026</subfield>
  </datafield>
  <datafield tag="999" ind1=" " ind2=" ">
    <subfield code="c">32596</subfield>
    <subfield code="d">32596</subfield>
  </datafield>
</record>
